Caminhos de contas : (Record no. 1070)

MARC details
000 -LÍDER
Campo Fixo de Controle 00873nam a2200241 a 4500
001 - NÚMERO DE CONTROLE
Campo de Controle 1070
003 - IDENTIFICAÇÃO DO NÚMERO DE CONTROLE
Campo de Controle BR-CuiBMT
005 - DATA E HORA DA ÚLTIMA ATUALIZAÇÃO
Campo de Controle 20231128022551.0
008 - DADOS FIXOS
Dados Fixos 231124s2016 baba 000 0 por d
020 ## - INTERNATIONAL STANDARD BOOK NUMBER
Nº do ISBN 9788585524319
040 ## - AGÊNCIA CATALOGADORA
Código da Agência Catalogadora BR-CuiBMT
Agência que transcreveu o registro BR-CuiBMT
080 ## - Nº DA CLASSIFICAÇÃO DECIMAL UNIVERSAL
Nº edição CDU 2007
Nº Class. CDU 351.94:336.148
Subd. Auxiliar Comum (813.8)
090 ## - NÚMERO DE CHAMADA
Nº classificação 351.94:336.148(813.8)
Cutter A663m
Ano/Edição 2. ed.
100 1# - ENTRADA PRINCIPAL -- AUTOR PESSOAL
Nome pessoal Araújo, Dilton de Oliveira
245 12 - TÍTULO PRINCIPAL
Título principal Caminhos de contas :
Subtítulo a história do Tribunal de Contas do Estado da Bahia, Salvador Tribunal de Contas do Estado da Bahia, 2002 /
Indicação de responsabilidade Dilton de Oliveira Araújo.
250 ## - EDIÇÃO
Edição 2. ed., rev. e ampl.
260 ## - PUBLICAÇÃO, DISTRIBUIÇÃO, ETC.
Local de publicação Salvador :
Editora Tribunal de Contas do Estado da Bahia
Data 2016.
300 ## - DESCRIÇÃO FÍSICA
N. páginas ou volumes 327 p. :
Ilustrações il., color. ;
Dimensões 21 cm
504 ## - NOTA DE BIBLIOGRAFIA, ETC.
Nota de bibliografia Inclui bibliografia.
650 ## - ASSUNTO TÓPICO
Cabeçalho tópico ou nome geográfico Tribunal de contas
Subdivisão geral História
Subdivisão geográfica Bahia
700 1# - ENTRADA SECUNDÁRIA -- NOME PESSOAL
Nome pessoal Soares, Geraldo Ramos
942 ## - ELEMENTOS DE ENTRADA ADICIONAIS (KOHA)
Fonte de classificação ou esquema de arquivamento Classificação Decimal Universal
Tipo de item do Koha Livros
Holdings
Estado: removido Estado: perdido Fonte de classificação ou esquema de arquivamento Estado: danificado Indisponível para empréstimo Localização permanente Localização atual Data de aquisição Total Checkouts Número de Chamada completo Código de barras Date last seen Número do exemplar Preço efetivo a partir de Tipo de item (Koha)
    Classificação Decimal Universal     Biblioteca da Escola Superior de Contas do TCE/MT Biblioteca da Escola Superior de Contas do TCE/MT 28/11/2023   351.94:336.148(813.8) A663m 2. ed. BIBTCEMT23111201 28/11/2023 Ex. 1 28/11/2023 Livros
    Classificação Decimal Universal     Biblioteca da Escola Superior de Contas do TCE/MT Biblioteca da Escola Superior de Contas do TCE/MT 29/11/2023   351.94:336.148(813.8) A663m 2. ed. BIBTCEMT23111301 29/11/2023 Ex. 2 29/11/2023 Livros

Powered by Koha